Nietzsche, la genealogía, la historia /

محفوظ في:
التفاصيل البيبلوغرافية
المؤلف الرئيسي: Foucault, Michel (autor)
التنسيق: كتاب
اللغة:الإسبانية
منشور في: Valencia, España : Pre-Textos, 2000, c2000
الطبعة:4a edición
سلاسل:(Pre-Textos ; Ensayo) 95.
الموضوعات:
الوسوم: إضافة وسم
لا توجد وسوم, كن أول من يضع وسما على هذه التسجيلة!

MARC

LEADER 00000nam^a2200000^a^4500
001 000138066
005 20250521000000.0
009 20260310095415.107
020 |a 84-85081-97-8 
037 |a Acervo ITESO - Biblioteca 
041 |a ESP 
082 |a 149. 96  |b FOU OBR NIE 
100 |a Foucault, Michel  |e (autor) 
245 1 0 |a Nietzsche, la genealogía, la historia /  |c M. Foucault ; tr. por José Vázquez Pérez. 
250 |a 4a edición 
264 4 |a Valencia, España :  |b Pre-Textos,  |c 2000, c2000 
300 |a 75 p. 
336 |a texto  |b txt  |2 rdacontenido 
337 |a sin mediación  |b n  |2 rdamedio 
338 |a volumen  |b nc  |2 rdasoporte 
440 1 |a (Pre-Textos ;  |v 95.  |p Ensayo) 
500 |a Traducción de: Nietzsche, la Généalogie et l'Historie 
545 0 |a Friedrich Nietzsche (1844-1900), filósofo alemán, su doctrina es considerada de corte nihilista y vitalista, critica los falsos valores de su época, los fundamentos del pensamiento tradicional y la actitud del hombre occidental educado en la renuncia. Cursó estudios de filología clásica en la Universidad de Bonn y Leipzing, lugar donde tuvo un acercamiento a la filosofía de Arthur Schopenhauer y a la música de Richard Wagner, quienes influyeron en la formación de su pensamiento. De 1869 a 1879 impartió la cátedra de filología en la Universidad de Basilea; en enero de 1889 padeció una crisis de locura de la que ya no se recuperó. Según la Enciclopedia de la filosofía Garzanti sus obras se clasifican en: 1. Obras filosóficas: El nacimiento de la tragedia (1872); Consideraciones intempestivas (1873-1876); Humano, demasiado humano (1878). 2. Obras de madurez: El viajero y su sombra (1880); Aurora (1881); La gaya ciencia (1882); Así hablaba Zaratustra (1883-1885); Más allá del bien y del mal (1886); El caso Wagner (1888); El ocaso de los ídolos (1888). 3. Obras póstumas: El anticristo; Ecce Homo y Nietzsche contra Wagner. 
649 |a XX 
650 |a Filósofos Alemanes 
650 |a Historia -  |x Filosofía 
650 |a Poder (Ciencias Sociales) -  |x Filosofía 
650 |a Filosofía Política 
650 |a Estructuralismo 
650 |a Nihilismo -  |x Historia y Crítica -  |x Tema Principal 
650 |a Vitalismo -  |x Historia y Crítica -  |x Tema Principal 
650 |a Irracionalismo -  |x Historia y Crítica 
650 |a Filosofía del Siglo XIX -  |x Historia y Crítica 
650 |a Filosofía Alemana -  |x Historia y Crítica 
650 |a Filosofía del Siglo XX 
650 |a Filosofía Francesa 
650 |a Nietzsche, Friedrich -  |x Tema Principal 
910 |a Fondo General 
920 |a Impresos - Libros 
930 |a Colección General 
905 |a 101 
901 |a 0500256020  |b IT1  |c ACC  |u 20250521 
902 |a https://opac.biblio.iteso.mx/vufind/Record/000138066